00904nam a2200241Ia 4500003000400000005001700004008004100021020001800062040001800080041000800098082001900106100002900125245011200154250001200266260004600278300002600324650003900350650004600389650004900435942002700484999001900511952013200530OSt20251029102429.0210716s2016 xx 000 0 und d a9788126544004 cAIMIT LIBRARY aeng a005.7585bMCFP aMcfedries, Paul.9243086 aExcel data analysis :bYour visual blueprint for analyzing data charts and pivot tables /cMcFedries, Paul. a1st ed. aNew Delhi :bWiley India Pvt Ltd ,c2016. a323 p.;bPBc24.5 cm. aAnalyzing statistical data9243087 aLearning data analysis techniques9243088 aTracking trends and making forecasts9243089 2ddccBKk005.7585 MCFP c195490d195490 001040708MCAaAIMITbAIMITeKnowledge Worldg549.00l0o005.7585 MCFPpMCA14999r2026-05-23 00:00:00v411.75w2021-07-16yBK